000 00568nam a2200181Ia 4500
008 151202s9999||||xx |||||||||||||| ||und||
082 _bPNVM-57123
100 _aकाशिकर एस्.एम्.
245 _aबुलडॉगर.
260 _b"मनोकामना प्रकाशन,सांगली."
260 _c0
300 _a196
600 _aकाशिकर एस्.एम्.
630 _aबुलडॉगर.
700 _aकाशिकर एस्.एम्.
730 _aबुलडॉगर.
942 _cBOOK
999 _c1323661
_d1323658